|
|
|
|
| LEADER |
01024nam a2200265 a 4500 |
| 001 |
60838270 |
| 008 |
050702r20051999enka e b 001 0 eng d |
| 020 |
|
|
|a 1840460091 (pbk.)
|
| 040 |
|
|
|a UKM
|c UKM
|d BAKER
|
| 082 |
0 |
0 |
|a 809/.145
|2 21
|
| 100 |
1 |
|
|a Heath, Duncan.
|
| 245 |
1 |
0 |
|a Introducing romanticism /
|c Duncan Heath and Judy Boreham ; edited by Richard Appignanesi.
|
| 246 |
3 |
|
|a Romanticism
|
| 260 |
|
|
|a Thriplow :
|b Icon,
|c 2005.
|
| 300 |
|
|
|a 174 p. :
|b ill. ;
|c 21 cm.
|
| 500 |
|
|
|a Originally published: Cambridge: Icon, 1999.
|
| 504 |
|
|
|a Includes bibliographical references and index.
|
| 541 |
1 |
|
|e 00009393
|
| 650 |
0 |
|
|a Romanticism
|z Europe.
|
| 650 |
0 |
|
|a Romanticism
|x Social aspects|zEurope.
|
| 700 |
1 |
|
|a Boreham, Judy.
|
| 700 |
1 |
|
|a Appignanesi, Richard.
|
| 852 |
4 |
|
|a Ayesha Abed Library
|j General Shelf.
|
| 999 |
|
|
|c 2245
|d 2245
|
| 952 |
|
|
|0 0
|1 4
|2 ddc
|4 0
|6 809_145000000000000_HEA
|7 0
|9 7831
|a BRACUL
|b BRACUL
|c GEN
|d 2010-02-08
|l 0
|o 809.145 HEA
|p 3010009393
|r 2010-02-08
|t 1
|w 2010-02-08
|y BK
|x Koha Inventory 2020
|